00782nam a2200181Ia 4500008004100000020001500041050002300056100002600079240002800105245009500133260003500228300004300263500003900306500006100345505014100406650003800547650001500585120626s2004 sp a 000 0 sp d a8425338840 aAZ108 bT7418 2004 aTresider, Jackeautor10a1001 symbolslEspañol a1001 símbolosb: guía ilustrada de los símbolos y su significadoc / Jack, Tresidder aBarcelona b: Grijalboc, 2004 a383 páginasb: ilustraciones a color aTítulo original : 1001 Symbols  aIncluye: Introducción / Índice / Agradecimientos  aAlegrias y penas Cualidades y poderes humanos Virtudes y vicios Emociones e instintos Estados y condiciones Vida espiritual  0aSIGNOS Y SÍMBOLOSxDICCIONARIOS 0aSIMBOLISMO